[Event "Bhubaneswar op-A 14th"]
[Site "Bhubaneswar"]
[Date "2023.06.13"]
[Round "3"]
[White "Shourya, Paul"]
[Black "Divyabharathi, Masanam"]
[Result "0-1"]
[WhiteElo "1711"]
[BlackElo "1619"]
[PlyCount "110"]
[EventDate "2023.06.11"]
[EventType "swiss"]
[EventRounds "10"]
[EventCountry "IND"]
[SourceTitle "CBM 214 Extra"]
[Source "ChessBase"]
[SourceDate "2023.07.31"]
[SourceVersion "1"]
[SourceVersionDate "2023.07.31"]
[SourceQuality "1"]

1. e4 c5 2. Nc3 Nc6 3. g3 g6 4. Bg2 Bg7 5. d3 d6 6. Be3 Nf6 7. h3 0-0 8. Nge2 Rb8 9. a4 a6 10. f4 Ne8 11. 0-0 Nd4 12. Bf2 e5 13. Nxd4 cxd4 14. Nd5 Be6 15. c4 b5 16. Nb4 Qc8 17. cxb5 axb5 18. Rc1 Qb7 19. f5 Bd7 20. a5 Ra8 21. Ra1 Nc7 22. g4 f6 23. Be1 Bh6 24. Bd2 Bxd2 25. Qxd2 g5 26. Rfc1 Kg7 27. Bf3 Rfc8 28. Bd1 Na6 29. Bb3 Ra7 30. Nd5 Nc5 31. Bd1 Bc6 32. b4 Nd7 33. Ne7 Rc7 34. h4 h6 35. hxg5 fxg5 36. Qa2 Nf6 37. Nxc6 Rxc6 38. Qe6 Qc7 39. Rxc6 Qxc6 40. Rb1 Rd7 41. Kf1 Rc7 42. Kf2 Rc8 43. Kf1 Rc7 44. Qa2 d5 45. exd5 Nxd5 46. Bf3 Ne3+ 47. Kf2 Qd6 48. f6+ Qxf6 49. a6 Rf7 50. Qe2 Qxa6 51. Rc1 Qf6 52. Rh1 Nxg4+ 53. Kg2 Ne3+ 54. Kg3 Qf4+ 55. Kf2 g4 0-1